| 000 | 01539nam a2200301 c 4500 | ||
|---|---|---|---|
| 003 | BLK | ||
| 005 | 20180422102429.0 | ||
| 008 | 180408b bul|||||r ||||||| ||bul|| | ||
| 010 | _aKNG00065446000 | ||
| 040 | _aBLK | ||
| 041 |
_aBUL _cBUL |
||
| 080 |
_aМатематика _b51 _x(075.4) _z51(075.4) |
||
| 080 |
_aАлгебра (Основи и логика вж 510) _b512 _x(075.4) _z512(075.4) |
||
| 100 | 1 |
_aКючуков, Александър Николаев _eпърви автор _9366704 |
|
| 139 |
_a[Четиридесет и една] 41 лекции по математика за зрелостници и кандидат-студенти _bЧ 75 |
||
| 245 | 1 | 0 |
_a[Четиридесет и една] 41 лекции по математика за зрелостници и кандидат-студенти _bКн. 1 - За том: Лекции 12 - 13 _cАлександър Николаев Кючуков. _nКн. 5 _pПравоъгълен, равнобедрен и равностранен триъгълник |
| 257 | _aBGR | ||
| 260 |
_аСофия _bНаука и изкуство _c1991 - |
||
| 300 | _c22 см | ||
| 380 | _a5 | ||
| 500 | _aСПЕЦ. ФОНД - Ч | ||
| 760 | 1 |
_aКючуков, Александър Николаев _d1992 _h24 с., 22 см _tКн. 5 Правоъгълен, равнобедрен и равностранен триъгълник |
|
| 852 | _aЦб 167596 | ||
| 856 | 4 |
_qpdf _u |
|
| 856 | 4 |
_qpdf _u |
|
| 942 |
_cKNG _n0 |
||
| 944 |
_aCR _c13.06.2004 _kКети_Илиева |
||
| 944 |
_aED _c22.10.2015 _k |
||
| 999 |
_c61250 _d61250 |
||